Limit theorems of polynomial approximation with exponential weights /
Guardado en:
| Autor Principal: | |
|---|---|
| Formato: | Libro |
| Idioma: | English |
| Publicado: |
Providence, R.I. :
American Mathematical Society,
c2008.
|
| Series: | Memoirs of the American Mathematical Society,
no. 897 |
| Materias: | |
| Etiquetas: |
Agregar Etiqueta
Sin Etiquetas, Sea el primero en etiquetar este registro!
|
| LEADER | 00987cam a2200265 a 4500 | ||
|---|---|---|---|
| 001 | MAT.inmabb004818 | ||
| 008 | 071106s2008####riu######b####001#0#eng## | ||
| 005 | 20171010170146.0 | ||
| 245 | 1 | 0 | |a Limit theorems of polynomial approximation with exponential weights / |c Michael I. Ganzburg. |
| 260 | |a Providence, R.I. : |b American Mathematical Society, |c c2008. | ||
| 300 | |a vii, 161 p. ; |c 26 cm. | ||
| 440 | 0 | |a Memoirs of the American Mathematical Society, |x 0065-9266 ; |v no. 897 | |
| 504 | |a Incluye referencias bibliográficas (p. 155-159) e índice. | ||
| 510 | 4 | |a MR, |c 2009g:41016 | |
| 020 | |a 9780821840634 | ||
| 020 | |a 0821840630 | ||
| 100 | 1 | |a Ganzburg, Michael I., |d 1948- | |
| 650 | 0 | |a Functions, Entire. | |
| 650 | 0 | |a Approximation theory. | |
| 650 | 0 | |a Potential theory (Mathematics) | |
| 650 | 0 | |a Fourier analysis. | |
| 084 | |a 41A17 (30D15 31A05) |2 msc2000 | ||
| 010 | |a 2007060582 | ||
| 040 | |a DLC |c DLC |d YDX |d ORE |d BTCTA |d BAKER |d YDXCP |d DLC | ||
| 859 | |k H |p MAMS-897 |b BIB. MATEMATICA | ||
